00720nam a2200181 a 450000100100000000500170001000800410002704000250006808200160009310000300010924500780013926000350021730000290025249000230028183000300030495201870033499900170052100003486220200930073941.0111020s1965 fr b 000 0 fre d aDO-SdBNPbspacBNPHU axxxxbD718t1 aDorsinville, Roger96039610aToussaint Louverture ou La vocation de la liberté /cRoger Dorsinville. aParis :bRene Julliard,c1965. a267 p. :bmapa ;c20 cm.1 aLes temps modernes 0aLes temps modernes960397 001050718RVaGRbGRcCTd2011-10-20iLF1l0oxxxx D718tp34862-10r2020-06-25w2020-06-25y1zPerteneció a la biblioteca personal de Juan Isidro Jimenes- GrullónZNo se presta c34353d34353